Microcomputer applications in qualitative research
| Main Author: | |
|---|---|
| Format: | Print Book |
| Language: | English |
| Published: |
Newbury Park, Calif. [u.a.]
Sage
1988
|
| In: |
Qualitative research methods (14)
Year: 1988 |
| Edition: | 1. printing |
| Online Access: |
Publisher description Table of contents |
| Availability in Tübingen: | Present in Tübingen. UB: KB 18 A 5029 |
| Check availability: | HBZ Gateway |
| Subito Delivery Service: | Order now. |
| Keywords: |
MARC
| LEADER | 00000cam a2200000 c 4500 | ||
|---|---|---|---|
| 001 | 23621506X | ||
| 003 | DE-627 | ||
| 005 | 20251222210239.0 | ||
| 007 | tu | ||
| 008 | 971106s1988 xxu||||| 00| ||eng c | ||
| 020 | |a 0803931190 |9 0-8039-3119-0 | ||
| 020 | |a 0803931204 |9 0-8039-3120-4 | ||
| 035 | |a (DE-627)23621506X | ||
| 035 | |a (DE-576)016711920 | ||
| 035 | |a (DE-599)GBV23621506X | ||
| 035 | |a (OCoLC)845022084 | ||
| 035 | |a (OCoLC)246759374 | ||
| 035 | |a (OCoLC)17874996 | ||
| 035 | |a (OCoLC)845022084 | ||
| 035 | |a (AT-OBV)AC00998936 | ||
| 035 | |a (DE-604)801336118x | ||
| 040 | |a DE-627 |b ger |c DE-627 |e rakwb | ||
| 041 | |a eng | ||
| 044 | |c XD-US |c XA-GB |c XB-IN | ||
| 050 | 0 | |a H61.3 | |
| 082 | 0 | |a 300.285416 | |
| 082 | 0 | |a 300/.28/5416 | |
| 084 | |a CM 2200 |2 rvk |0 (DE-625)rvk/18943: | ||
| 084 | |a MR 2200 |2 rvk |0 (DE-625)rvk/123489: | ||
| 084 | |a CV 2000 |2 rvk |0 (DE-625)rvk/19152: | ||
| 084 | |a 70.03 |2 bkl | ||
| 100 | 1 | |a Pfaffenberger, Bryan |d 1949- |0 (DE-588)1145494854 |0 (DE-627)1006606939 |0 (DE-576)162537654 |4 aut | |
| 109 | |a Pfaffenberger, Bryan 1949- |a Fafenberger, Brajan 1949- |a Bryan Louis Pfaffenberger 1949- |a Bryan Pfaffenberger 1949- |a Pfaffenberger, Bryan Louis 1949- |a Pfaffenberger, Bryan L. 1949- |a Bryan L. Pfaffenberger 1949- | ||
| 245 | 1 | 0 | |a Microcomputer applications in qualitative research |c Bryan Pfaffenberger |
| 250 | |a 1. printing | ||
| 264 | 1 | |a Newbury Park, Calif. [u.a.] |b Sage |c 1988 | |
| 300 | |a 87 S |b Ill | ||
| 336 | |a Text |b txt |2 rdacontent | ||
| 337 | |a ohne Hilfsmittel zu benutzen |b n |2 rdamedia | ||
| 338 | |a Band |b nc |2 rdacarrier | ||
| 490 | 1 | |a Qualitative research methods |v 14 | |
| 490 | 0 | |a A Sage university paper | |
| 500 | |a Literaturverz. S. 81 - 86 | ||
| 583 | 1 | |a Archivierung prüfen |c 20240324 |f DE-4165 |z 3 |2 pdager | |
| 650 | 0 | |a Social Sciences |x Research |x Data processing | |
| 650 | 0 | |a Information storage and retrieval systems |x Social sciences | |
| 650 | 0 | |a Qualitative Research | |
| 650 | 0 | |a Microcomputers | |
| 650 | 4 | |a Qualitative Methode | |
| 650 | 4 | |a Microcomputer | |
| 650 | 4 | |a Datenanalyse | |
| 650 | 4 | |a Inhaltsanalyse | |
| 689 | 0 | 0 | |d s |0 (DE-588)4011152-0 |0 (DE-627)106354140 |0 (DE-576)208892052 |a Datenverarbeitung |2 gnd |
| 689 | 0 | 1 | |d s |0 (DE-588)4017894-8 |0 (DE-627)106328379 |0 (DE-576)208921524 |a Forschung |2 gnd |
| 689 | 0 | 2 | |d s |0 (DE-588)4055916-6 |0 (DE-627)106156411 |0 (DE-576)209115904 |a Sozialwissenschaften |2 gnd |
| 689 | 0 | |5 DE-101 | |
| 689 | 1 | 0 | |d s |0 (DE-588)4055916-6 |0 (DE-627)106156411 |0 (DE-576)209115904 |a Sozialwissenschaften |2 gnd |
| 689 | 1 | 1 | |d s |0 (DE-588)4011152-0 |0 (DE-627)106354140 |0 (DE-576)208892052 |a Datenverarbeitung |2 gnd |
| 689 | 1 | |5 (DE-627) | |
| 689 | 2 | 0 | |d s |0 (DE-588)4055916-6 |0 (DE-627)106156411 |0 (DE-576)209115904 |a Sozialwissenschaften |2 gnd |
| 689 | 2 | 1 | |d s |0 (DE-588)4113491-6 |0 (DE-627)105829102 |0 (DE-576)209476915 |a Expertensystem |2 gnd |
| 689 | 2 | |5 (DE-627) | |
| 689 | 3 | 0 | |d s |0 (DE-588)4077624-4 |0 (DE-627)104152036 |0 (DE-576)209205849 |a Soziologie |2 gnd |
| 689 | 3 | 1 | |d s |0 (DE-588)4017894-8 |0 (DE-627)106328379 |0 (DE-576)208921524 |a Forschung |2 gnd |
| 689 | 3 | 2 | |d s |0 (DE-588)4011152-0 |0 (DE-627)106354140 |0 (DE-576)208892052 |a Datenverarbeitung |2 gnd |
| 689 | 3 | |5 (DE-627) | |
| 689 | 4 | 0 | |d s |0 (DE-588)4014606-6 |0 (DE-627)106339389 |0 (DE-576)208908633 |a Empirische Sozialforschung |2 gnd |
| 689 | 4 | 1 | |d s |0 (DE-588)4011152-0 |0 (DE-627)106354140 |0 (DE-576)208892052 |a Datenverarbeitung |2 gnd |
| 689 | 4 | |5 (DE-627) | |
| 830 | 0 | |a Qualitative research methods |v 14 |9 1400 |w (DE-627)131118196 |w (DE-576)012044598 |w (DE-600)1122630-4 |x 0888-5397 |7 am | |
| 856 | 4 | 2 | |u http://www.loc.gov/catdir/enhancements/fy0654/88011554-d.html |x Verlag |y Publisher description |7 1 |
| 856 | 4 | 2 | |u http://www.loc.gov/catdir/enhancements/fy0654/88011554-t.html |x Verlag |y Table of contents |7 1 |
| 889 | |w (DE-627)027020371 | ||
| 889 | |w (DE-627)27356773X | ||
| 935 | |i mdedup | ||
| 935 | |i Blocktest | ||
| 936 | r | v | |a CM 2200 |b Methodik und Wissenschaftstheorie der Psychologie |k Psychologie |k Allgemeines. Geschichte und Methodik |k Methodik und Wissenschaftstheorie der Psychologie |0 (DE-627)1271484781 |0 (DE-625)rvk/18943: |0 (DE-576)201484781 |
| 936 | r | v | |a MR 2200 |b Datenverarbeitung und Kybernetik für Soziologen |k Soziologie |k Sozialwissenschaftliche Theorien und Methoden |k Methoden der Sozialforschung |k Datenverarbeitung und Kybernetik für Soziologen |0 (DE-627)1271427508 |0 (DE-625)rvk/123489: |0 (DE-576)201427508 |
| 936 | r | v | |a CV 2000 |b Methoden der Sozialpsychologie |k Psychologie |k Sozialpsychologie |k Methoden der Sozialpsychologie |0 (DE-627)1271481650 |0 (DE-625)rvk/19152: |0 (DE-576)201481650 |
| 936 | b | k | |a 70.03 |j Methoden, Techniken und Organisation der sozialwissenschaftlichen Forschung |0 (DE-627)106414097 |
| 951 | |a BO | ||
| ELC | |b 1 | ||
| LOK | |0 000 xxxxxcx a22 zn 4500 | ||
| LOK | |0 001 3308204975 | ||
| LOK | |0 003 DE-627 | ||
| LOK | |0 004 23621506X | ||
| LOK | |0 005 20151023131453 | ||
| LOK | |0 008 890523||||||||||||||||ger||||||| | ||
| LOK | |0 040 |a DE-21 |c DE-627 |d DE-21 | ||
| LOK | |0 852 |a DE-21 | ||
| LOK | |0 852 1 |c KB 18 A 5029 |9 00 | ||
| LOK | |0 935 |a krim | ||
| LOK | |0 939 |a 23-05-89 |b l01 | ||
| ORI | |a SA-MARC-krimdoka001.raw | ||
| SIG | |a UB: KB 18 A 5029 | ||
